000 00470cam a22001574a 4500
020 _a0531118584
050 0 0 _aRA1057.55
_b.F75 2001
100 1 _aFridell, Ron.
245 1 0 _aDNA fingerprinting :
_bthe ultimate identity /
_cRon Fridell.
260 _aNew York :
_bFranklin Watts,
_c2001.
300 _a112 p. :
650 0 _vJuvenile literature.
_xDNA fingerprinting-Juvenile Literature
650 1 _vDNA fingerprinting
650 1 _xforensic sciences
942 _2lcc
_cGEN
999 _c7204
_d7204